[Event "Online Olym Div4 A"]
[Site "Chess.com INT"]
[Date "2021.08.20"]
[Round "3.3"]
[White "Nihaya, Ahmed"]
[Black "Hj, Azahari Siti Nur Fa"]
[Result "0-1"]
[WhiteElo "1196"]
[BlackElo "1954"]
[PlyCount "52"]
[EventDate "2021.08.20"]
[EventType "team (rapid)"]
[EventRounds "11"]
[EventCountry "USA"]
[SourceTitle "CBM 203 Extra"]
[Source "ChessBase"]
[SourceDate "2021.09.30"]
[SourceVersion "1"]
[SourceVersionDate "2021.09.30"]
[SourceQuality "1"]
[WhiteTeam "Maldives"]
[BlackTeam "Brunei"]
[WhiteTeamCountry "MDV"]
[BlackTeamCountry "BRN"]

1. e4 e5 2. Nf3 Nc6 3. Nc3 Nf6 4. d4 exd4 5. Nxd4 Bb4 6. Nxc6 bxc6 7. f3 0-0 8. Be3 d5 9. e5 Nd7 10. f4 Re8 11. Bd3 Nxe5 12. fxe5 Rxe5 13. Qf3 Bc5 14. Nd1 d4 15. 0-0 dxe3 16. Qxf7+ Kh8 17. Nxe3 Be6 18. Qf3 Rxe3 19. Qxc6 Bd4 20. Kh1 Bd5 21. Qa4 Bxb2 22. Rad1 Qg5 23. Rd2 Rxd3 24. Rdf2 Rd2 25. Rf8+ Bg8 26. Qe4 Rxf8 0-1

[Event "Asia Nations online Cup"]
[Site "Chess.com INT"]
[Date "2020.10.18"]
[Round "7.15"]
[White "Alhejab, Meshal"]
[Black "Hj, Azahari Siti Nur Fa"]
[Result "1-0"]
[WhiteElo "1681"]
[BlackElo "1954"]
[PlyCount "135"]
[EventDate "2020.10.10"]
[EventType "team-swiss (rapid)"]
[EventRounds "9"]
[EventCountry "IND"]
[SourceTitle "CBM 198 Extra"]
[Source "ChessBase"]
[SourceDate "2020.11.30"]
[SourceVersion "1"]
[SourceVersionDate "2020.11.30"]
[SourceQuality "1"]
[WhiteTeam "Kuwait"]
[BlackTeam "Brunei"]
[WhiteTeamCountry "KUW"]
[BlackTeamCountry "BRN"]

1. e4 e5 2. Nf3 Nc6 3. Bb5 a6 4. Ba4 Nf6 5. 0-0 Be7 6. Re1 b5 7. Bb3 0-0 8. c3 d6 9. d4 Bg4 10. Be3 exd4 11. cxd4 Na5 12. Bc2 Nc4 13. Bc1 c5 14. b3 Nb6 15. Bb2 Re8 16. h3 Bh5 17. g4 Bg6 18. Nh4 Bxe4 19. Bxe4 Nxe4 20. Rxe4 Bxh4 21. Qe2 Rxe4 22. Qxe4 d5 23. Qe2 c4 24. Nd2 Rc8 25. Rc1 Bg5 26. Rc2 Rc6 27. Nf3 Re6 28. Qd1 Bf4 29. Re2 Qd6 30. Kg2 Rxe2 31. Qxe2 b4 32. Qe8+ Qf8 33. Qc6 Qd8 34. bxc4 dxc4 35. d5 c3 36. Ba1 Nxd5 37. Ne1 a5 38. Nd3 Ne7 39. Qc4 Bb8 40. Nc5 Qd6 41. Nb7 Qh2+ 42. Kf3 Qxh3+ 43. Ke2 Qh2 44. Qc5 Ng6 45. Qxa5 Qe5+ 46. Qxe5 Nxe5 47. Na5 Nxg4 48. Kd3 h5 49. f3 Ne5+ 50. Ke4 Kh7 51. f4 Ng6 52. Nc6 Bxf4 53. Nxb4 Be5 54. Nd3 Bf6 55. a4 h4 56. a5 Bd8 57. a6 Bb6 58. Bxc3 h3 59. Kf3 f5 60. Kg3 f4+ 61. Kxh3 Kh6 62. Bb4 Kh5 63. Bc5 Bxc5 64. Nxc5 Ne7 65. a7 Nf5 66. a8Q g5 67. Qh8+ Nh6 68. Qe8+ 1-0

[Event "Asia Nations online Cup"]
[Site "Chess.com INT"]
[Date "2020.10.16"]
[Round "4.11"]
[White "Hj, Azahari Siti Nur Fa"]
[Black "Tirador, Elias"]
[Result "1-0"]
[WhiteElo "1954"]
[BlackElo "1798"]
[PlyCount "73"]
[EventDate "2020.10.10"]
[EventType "team-swiss (rapid)"]
[EventRounds "9"]
[EventCountry "IND"]
[SourceTitle "CBM 198 Extra"]
[Source "ChessBase"]
[SourceDate "2020.11.30"]
[SourceVersion "1"]
[SourceVersionDate "2020.11.30"]
[SourceQuality "1"]
[WhiteTeam "Brunei"]
[BlackTeam "Guam"]
[WhiteTeamCountry "BRN"]
[BlackTeamCountry "GMA"]

1. e4 d6 2. d4 Nf6 3. Nc3 Nbd7 4. Nf3 e5 5. Bc4 Be7 6. 0-0 c6 7. dxe5 dxe5 8. Qe2 0-0 9. Rd1 Qc7 10. a3 a6 11. Nh4 b5 12. Nf5 Bc5 13. Bb3 g6 14. Nh6+ Kg7 15. Bg5 Be7 16. Ng4 Nc5 17. Bh6+ Kg8 18. Nxf6+ Bxf6 19. Bxf8 Kxf8 20. Qe3 Nxb3 21. cxb3 Be6 22. Ne2 Kg7 23. Rac1 h6 24. Qc5 Rc8 25. Rd3 Be7 26. Qc2 c5 27. Nc3 Bg5 28. Rcd1 c4 29. bxc4 Bxc4 30. Rd7 Qc6 31. R1d6 Qa8 32. h3 Kf8 33. Qd1 Be6 34. Rxe6 fxe6 35. Qd6+ Kg8 36. Qxe6+ Kh8 37. Qxe5+ 1-0

[Event "Asia Nations online Cup"]
[Site "Chess.com INT"]
[Date "2020.10.10"]
[Round "1.2"]
[White "Kazhgaleyev, Murtas"]
[Black "Hj, Azahari Siti Nur Fa"]
[Result "1/2-1/2"]
[WhiteElo "2569"]
[BlackElo "1954"]
[PlyCount "58"]
[EventDate "2020.10.10"]
[EventType "team-swiss (rapid)"]
[EventRounds "9"]
[EventCountry "IND"]
[SourceTitle "CBM 198 Extra"]
[Source "ChessBase"]
[SourceDate "2020.11.30"]
[SourceVersion "1"]
[SourceVersionDate "2020.11.30"]
[SourceQuality "1"]
[WhiteTeam "Kazakhstan"]
[BlackTeam "Brunei"]
[WhiteTeamCountry "KAZ"]
[BlackTeamCountry "BRN"]

1. d4 Nf6 2. c4 c5 3. Nf3 cxd4 4. Nxd4 e6 5. Nc3 Nc6 6. a3 Be7 7. e4 0-0 8. Nf3 b6 9. Be2 Bb7 10. 0-0 Qc7 11. Bg5 Ne5 12. Rc1 Nxf3+ 13. Bxf3 Ng4 14. Bxg4 Bxg5 15. Rc2 Qxc4 16. f4 Bf6 17. e5 Be7 18. Be2 Qc6 19. Bd3 d5 20. Nb5 Bc5+ 21. Kh1 Ba6 22. Qe2 Qd7 23. b4 Be7 24. Rc7 Qd8 25. Rfc1 Bc5 26. Rc6 Qd7 27. Rc7 Qd8 28. Rc6 Qd7 29. Rc7 Qd8 1/2-1/2

[Event "Asia Nations online Cup"]
[Site "Chess.com INT"]
[Date "2020.10.10"]
[Round "3.7"]
[White "Nanjo, Ryosuke"]
[Black "Hj, Azahari Siti Nur Fa"]
[Result "0-1"]
[WhiteElo "2338"]
[BlackElo "1954"]
[PlyCount "94"]
[EventDate "2020.10.10"]
[EventType "team-swiss (rapid)"]
[EventRounds "9"]
[EventCountry "IND"]
[SourceTitle "CBM 198 Extra"]
[Source "ChessBase"]
[SourceDate "2020.11.30"]
[SourceVersion "1"]
[SourceVersionDate "2020.11.30"]
[SourceQuality "1"]
[WhiteTeam "Japan"]
[BlackTeam "Brunei"]
[WhiteTeamCountry "JPN"]
[BlackTeamCountry "BRN"]

1. e4 e5 2. Nf3 Nc6 3. Bb5 a6 4. Ba4 Nf6 5. d3 d6 6. c3 Bd7 7. Nbd2 g6 8. Nf1 Bg7 9. Ng3 0-0 10. 0-0 Re8 11. Re1 h6 12. h3 d5 13. exd5 Nxd5 14. Ne4 Qe7 15. d4 exd4 16. cxd4 Rab8 17. Bb3 Be6 18. Nc5 Qd6 19. Nxe6 Rxe6 20. Rxe6 Qxe6 21. Bf4 Qe4 22. Bg3 Nf4 23. Qd2 Ne2+ 24. Kh2 Nxg3 25. fxg3 Nxd4 26. Nxd4 Qxd4 27. Qc2 Qxb2 28. Qxc7 Qe5 29. Qxf7+ Kh7 30. Rd1 Qe8 31. Qf3 Qe7 32. Bc2 Rf8 33. Qg4 Qe8 34. Rd7 Rf2 35. Qd4 Rf7 36. Rxf7 Qxf7 37. Qe4 b6 38. Bb3 Qf2 39. Qc4 h5 40. Qc7 b5 41. h4 Qd4 42. Qb7 Kh6 43. Qxa6 Be5 44. Qxb5 Qe3 45. Qb4 Bxg3+ 46. Kh3 Be5+ 47. g3 Qxg3# 0-1

[Event "Penang op 7th"]
[Site "Penang"]
[Date "2015.12.09"]
[Round "5"]
[White "Tan, Jun Ying"]
[Black "Hj, Azahari Siti Nur Fa"]
[Result "1-0"]
[WhiteElo "1911"]
[BlackElo "1998"]
[PlyCount "43"]
[EventDate "2015.12.07"]
[EventType "swiss"]
[EventRounds "9"]
[EventCountry "MAS"]
[SourceTitle "CBM 169 Extra"]
[Source "ChessBase"]
[SourceDate "2015.12.18"]
[SourceVersion "1"]
[SourceVersionDate "2015.12.18"]
[SourceQuality "1"]

1. d4 Nf6 2. c4 c5 3. d5 b5 4. cxb5 a6 5. bxa6 g6 6. Nc3 Bxa6 7. Nf3 Bg7 8. g3 d6 9. Bg2 Nbd7 10. Rb1 0-0 11. 0-0 Nb6 12. b3 Bb7 13. Nh4 Ne8 14. Bb2 Bxc3 15. Bxc3 Rxa2 16. e4 Nc7 17. f4 Nb5 18. Ba1 Qc7 19. f5 g5 20. f6 e6 21. Qh5 Kh8 22. Nf3 1-0

[Event "Penang op 7th"]
[Site "Penang"]
[Date "2015.12.08"]
[Round "2"]
[White "Hj, Azahari Siti Nur Fa"]
[Black "Lim, Kian Hwa"]
[Result "0-1"]
[WhiteElo "1998"]
[BlackElo "1801"]
[PlyCount "120"]
[EventDate "2015.12.07"]
[EventType "swiss"]
[EventRounds "9"]
[EventCountry "MAS"]
[SourceTitle "CBM 169 Extra"]
[Source "ChessBase"]
[SourceDate "2015.12.18"]
[SourceVersion "1"]
[SourceVersionDate "2015.12.18"]
[SourceQuality "1"]

1. e4 e5 2. Nf3 Nc6 3. Nc3 Nf6 4. d4 exd4 5. Nxd4 d6 6. Nxc6 bxc6 7. Bd3 Be7 8. 0-0 0-0 9. h3 Rb8 10. Re1 Re8 11. Rb1 Bf8 12. Bg5 g6 13. Qf3 Bg7 14. e5 Rxe5 15. Rxe5 dxe5 16. Ne4 Bf5 17. Nxf6+ Bxf6 18. Bxf6 Qxf6 19. g4 Qg5 20. Qxc6 Bxd3 21. Qxc7 Rxb2 22. Rxb2 Qc1+ 23. Kh2 Qxb2 24. Qd8+ Kg7 25. Qxd3 Qxa2 26. Kg3 a5 27. c4 a4 28. c5 Qb3 29. Qxb3 axb3 30. c6 b2 31. c7 b1Q 32. c8Q Qd3+ 33. Kg2 e4 34. Qc5 Qf3+ 35. Kh2 Qf6 36. g5 Qf4+ 37. Kg2 h6 38. Qd4+ Kh7 39. gxh6 Kxh6 40. Qc5 Qf3+ 41. Kg1 Kh7 42. Qe7 Qf5 43. Kg2 Kg7 44. Qa3 Qd5 45. Qc3+ Kh7 46. Qe3 f5 47. Qa7+ Kg8 48. Qb8+ Kg7 49. Qa7+ Qf7 50. Qd4+ Kh7 51. h4 Qe7 52. Kg3 Qc7+ 53. Kg2 Qb7 54. Kg3 Qe7 55. Kh3 f4 56. Kg2 e3 57. fxe3 fxe3 58. Qc3 Qe4+ 59. Kf1 Qf3+ 60. Ke1 Qf2+ 0-1

[Event "Penang op 7th"]
[Site "Penang"]
[Date "2015.12.08"]
[Round "3"]
[White "Kumar, Sri Shiva"]
[Black "Hj, Azahari Siti Nur Fa"]
[Result "0-1"]
[WhiteElo "1634"]
[BlackElo "1998"]
[PlyCount "106"]
[EventDate "2015.12.07"]
[EventType "swiss"]
[EventRounds "9"]
[EventCountry "MAS"]
[SourceTitle "CBM 169 Extra"]
[Source "ChessBase"]
[SourceDate "2015.12.18"]
[SourceVersion "1"]
[SourceVersionDate "2015.12.18"]
[SourceQuality "1"]

1. Nf3 Nf6 2. g3 g6 3. d3 Bg7 4. Bg2 d5 5. 0-0 0-0 6. Nbd2 c5 7. e4 Nc6 8. c3 dxe4 9. Nxe4 Nxe4 10. dxe4 b6 11. Be3 Bb7 12. Qe2 Qc7 13. Bf4 Qc8 14. Rfd1 e5 15. Bc1 Rd8 16. Ne1 Qe6 17. Be3 Na5 18. b3 c4 19. b4 Nc6 20. a4 f5 21. exf5 gxf5 22. Bg5 Rxd1 23. Rxd1 e4 24. Qe3 Re8 25. Bf1 Ne5 26. h3 Nd3 27. Nxd3 cxd3 28. Qd2 Qc4 29. Rc1 Qc6 30. Bg2 Qxa4 31. h4 Qc6 32. c4 Rc8 33. b5 Qc5 34. Be3 Qe5 35. Bf4 Qb2 36. Qxb2 Bxb2 37. Rb1 Bc3 38. Kf1 Kf7 39. Bh3 Kf6 40. Bg5+ Kg6 41. Bf4 Bd4 42. Rc1 h5 43. Ke1 a5 44. bxa6 Bxa6 45. Kd2 Bxc4 46. Be3 Bxe3+ 47. fxe3 b5 48. Ra1 Rc6 49. Rf1 Be6 50. Rc1 Ra6 51. Rb1 Ra2+ 52. Ke1 Re2+ 53. Kf1 Rxe3 0-1

[Event "Asia-ch Amateur"]
[Site "Bandar Seri Begawan"]
[Date "2015.09.10"]
[Round "7"]
[White "Wising, Abdul Sahim"]
[Black "Hj, Azahari Siti Nur Fa"]
[Result "1-0"]
[WhiteElo "1949"]
[BlackElo "2030"]
[PlyCount "37"]
[EventDate "2015.09.07"]
[EventType "swiss"]
[EventRounds "9"]
[EventCountry "BRN"]
[SourceTitle "EXT 2016"]
[Source "ChessBase"]
[SourceDate "2015.10.08"]
[SourceVersion "1"]
[SourceVersionDate "2015.10.08"]
[SourceQuality "1"]

1. d4 Nf6 2. Nf3 g6 3. Bg5 Bg7 4. c3 0-0 5. Nbd2 d6 6. h4 c5 7. Bxf6 Bxf6 8. h5 Bf5 9. e4 Bg4 10. hxg6 hxg6 11. Qb3 Qb6 12. e5 dxe5 13. Nxe5 Bxe5 14. dxe5 Qc7 15. f4 Nc6 16. Ne4 Nxe5 17. Qd5 Nd7 18. Qg5 Bh5 19. Rxh5 1-0

[Event "Asian Continental op (Women) 14th"]
[Site "Al Ain"]
[Date "2015.08.09"]
[Round "8"]
[White "Hj, Azahari Siti Nur Fa"]
[Black "Aseel, Odeh"]
[Result "1/2-1/2"]
[WhiteElo "2073"]
[BlackElo "1588"]
[PlyCount "104"]
[EventDate "2015.08.02"]
[EventType "swiss"]
[EventRounds "9"]
[EventCountry "UAE"]
[SourceTitle "CBM 167 Extra"]
[Source "ChessBase"]
[SourceDate "2015.09.14"]
[SourceVersion "1"]
[SourceVersionDate "2015.09.14"]
[SourceQuality "1"]

1. e4 e5 2. Nf3 Nc6 3. Nc3 g6 4. d4 exd4 5. Nxd4 Bg7 6. Be3 Nge7 7. Qd2 d6 8. 0-0-0 Be6 9. Nxe6 fxe6 10. Bc4 Qd7 11. f4 0-0-0 12. a3 Rhf8 13. Rhf1 e5 14. Nd5 Nxd5 15. Qxd5 exf4 16. Bxf4 Qg4 17. Bg3 Ne5 18. Bb3 Rxf1 19. Rxf1 Qe2 20. Rd1 Qxg2 21. Qe6+ Kb8 22. Qe7 Bh6+ 23. Kb1 Nc6 24. Qxh7 Qf3 25. Rd3 Qh5 26. e5 Bf8 27. Qxh5 gxh5 28. e6 Re8 29. Bh4 Be7 30. Bxe7 Rxe7 31. Rf3 a6 32. Rf8+ Ka7 33. Rf7 Kb8 34. Bd5 Re8 35. Rh7 Nd8 36. Rxh5 Nxe6 37. Bxe6 Rxe6 38. Rh8+ Ka7 39. h4 Kb6 40. h5 Re7 41. h6 Kc6 42. h7 b6 43. Kc1 a5 44. Kd2 Kd5 45. b3 Kc6 46. Kd3 Kd5 47. b4 axb4 48. axb4 b5 49. c3 c6 50. Kc2 Rf7 51. Kd3 Re7 52. Kc2 Rf7 1/2-1/2

[Event "Asian Continental op (Women) 14th"]
[Site "Al Ain"]
[Date "2015.08.07"]
[Round "6"]
[White "Hj, Azahari Siti Nur Fa"]
[Black "Hong, Xing"]
[Result "0-1"]
[WhiteElo "2073"]
[BlackElo "1882"]
[PlyCount "94"]
[EventDate "2015.08.02"]
[EventType "swiss"]
[EventRounds "9"]
[EventCountry "UAE"]
[SourceTitle "CBM 167 Extra"]
[Source "ChessBase"]
[SourceDate "2015.09.14"]
[SourceVersion "1"]
[SourceVersionDate "2015.09.14"]
[SourceQuality "1"]

1. e4 c5 2. Nf3 Nc6 3. Bb5 g6 4. d3 Bg7 5. Bxc6 dxc6 6. h3 Nf6 7. 0-0 0-0 8. Nbd2 Qc7 9. Nb3 b6 10. Be3 c4 11. Nc1 Rd8 12. Qe2 cxd3 13. cxd3 Ba6 14. Qc2 c5 15. Rd1 Rac8 16. Ne2 Qd7 17. Ne5 Qe6 18. f4 Nd7 19. Nf3 Nb8 20. Nc3 Nc6 21. Ng5 Qd7 22. Qb3 e6 23. e5 Nd4 24. Bxd4 Qxd4+ 25. Kh1 Qxf4 26. Nxe6 fxe6 27. Qxe6+ Kh8 28. Rf1 Qxe5 29. Qxe5 Bxe5 30. Rae1 Bxd3 31. Rf7 Re8 32. Rd1 c4 33. Rxa7 Ra8 34. Rb7 Reb8 35. Rd7 Rd8 36. Rb7 Bxc3 37. bxc3 Be4 38. Rxd8+ Rxd8 39. Rxb6 Rd1+ 40. Kh2 Rd2 41. Re6 Bxg2 42. Kg3 Rxa2 43. h4 Bf1 44. Kf4 Kg7 45. Re3 Bd3 46. Kg5 Rg2+ 47. Kf4 Rc2 0-1

[Event "Sharjah op (Women)"]
[Site "Sharjah"]
[Date "2014.11.22"]
[Round "8"]
[White "Hj, Azahari Siti Nur Fa"]
[Black "Saduakassova, Dinara"]
[Result "0-1"]
[WhiteElo "1974"]
[BlackElo "2421"]
[PlyCount "56"]
[EventDate "2014.11.15"]
[EventType "swiss"]
[EventRounds "9"]
[EventCountry "UAE"]
[SourceTitle "CBM 163 Extra"]
[Source "ChessBase"]
[SourceDate "2014.12.23"]
[SourceVersion "1"]
[SourceVersionDate "2014.12.23"]
[SourceQuality "1"]

1. e4 c5 2. Nf3 e6 3. c4 Nc6 4. Nc3 Nge7 5. Be2 Nd4 6. Nxd4 cxd4 7. Nb5 Nc6 8. 0-0 Be7 9. d3 a6 10. Na3 0-0 11. Nc2 d5 12. f4 Rb8 13. f5 dxe4 14. dxe4 Bf6 15. Ne1 Re8 16. Nd3 b5 17. cxb5 Rxb5 18. a4 Rb6 19. Qc2 exf5 20. a5 Nxa5 21. e5 Nb3 22. Ra3 Nxc1 23. Rxc1 Bg5 24. Rca1 Be3+ 25. Kf1 Qh4 26. h3 Bb7 27. Qd1 Bxg2+ 28. Kxg2 Rg6+ 0-1

[Event "Sharjah op (Women)"]
[Site "Sharjah"]
[Date "2014.11.21"]
[Round "7"]
[White "Afshar, Niusha"]
[Black "Hj, Azahari Siti Nur Fa"]
[Result "1/2-1/2"]
[WhiteElo "1954"]
[BlackElo "1974"]
[PlyCount "59"]
[EventDate "2014.11.15"]
[EventType "swiss"]
[EventRounds "9"]
[EventCountry "UAE"]
[SourceTitle "CBM 163 Extra"]
[Source "ChessBase"]
[SourceDate "2014.12.23"]
[SourceVersion "1"]
[SourceVersionDate "2014.12.23"]
[SourceQuality "1"]

1. e4 e5 2. Nf3 Nf6 3. Nxe5 d6 4. Nf3 Nxe4 5. Nc3 Nf6 6. d4 Be7 7. d5 0-0 8. Bd3 Re8 9. 0-0 Nbd7 10. Re1 Nf8 11. Qe2 c6 12. Bg5 Bg4 13. h3 Bxf3 14. Qxf3 Qc7 15. dxc6 bxc6 16. Re2 Ne6 17. Bxf6 Bxf6 18. Qf5 Nf8 19. Ne4 Bxb2 20. Rae1 Re6 21. Ng5 Rf6 22. Qg4 Be5 23. g3 h6 24. Nf3 Ng6 25. Nd2 Rf8 26. Kh2 Qb6 27. Ne4 Re6 28. Nd2 Rf6 29. Ne4 Re6 30. Nd2 1/2-1/2

[Event "Asia Cities-ch 18th"]
[Site "Tagaytay City"]
[Date "2013.10.26"]
[Round "9.1"]
[White "Hj, Azahari Siti Nur Fa"]
[Black "Kavinda, Akila"]
[Result "1-0"]
[WhiteElo "1985"]
[BlackElo "2017"]
[PlyCount "113"]
[EventDate "2013.10.20"]
[EventType "team-swiss"]
[EventRounds "9"]
[EventCountry "PHI"]
[SourceTitle "EXT 2014"]
[Source "ChessBase"]
[SourceDate "2013.11.20"]
[SourceVersion "1"]
[SourceVersionDate "2013.11.20"]
[SourceQuality "1"]
[WhiteTeam "Begawan"]
[BlackTeam "Colombo"]
[WhiteTeamCountry "BRN"]
[BlackTeamCountry "SRI"]

1. e4 c5 2. Nf3 d6 3. Bb5+ Bd7 4. Bxd7+ Qxd7 5. c4 Nf6 6. Nc3 Nc6 7. d4 cxd4 8. Nxd4 g6 9. h3 Bg7 10. Be3 0-0 11. 0-0 e6 12. Rc1 Rfd8 13. Re1 b6 14. b3 Qb7 15. Qf3 Ne5 16. Qd1 Nxe4 17. Nxe4 Qxe4 18. Bg5 Qxd4 19. Qxd4 Nf3+ 20. gxf3 Bxd4 21. Bxd8 Rxd8 22. f4 a5 23. a4 Kg7 24. Rcd1 Bc5 25. Kg2 Kf6 26. f3 Kf5 27. Re4 f6 28. Kg3 h6 29. Rd2 h5 30. Rde2 d5 31. cxd5 exd5 32. Re8 h4+ 33. Kg2 Rxe8 34. Rxe8 Kxf4 35. Re6 Bd4 36. Re8 g5 37. Re2 Be3 38. Rc2 d4 39. Rc6 d3 40. Rc4+ Ke5 41. Re4+ Kd5 42. Rxe3 Kd4 43. Re8 d2 44. Rd8+ Ke3 45. Kf1 f5 46. Rd6 f4 47. Rd7 Kxf3 48. Rxd2 Kg3 49. Rd3+ f3 50. Kg1 Kxh3 51. Rxf3+ Kg4 52. Kg2 Kh5 53. Rf5 Kg6 54. Rf3 Kh5 55. Rc3 Kg4 56. Rc4+ Kf5 57. Kh3 1-0

[Event "Asia Cities-ch 18th"]
[Site "Tagaytay City"]
[Date "2013.10.22"]
[Round "4.1"]
[White "Hj, Azahari Siti Nur Fa"]
[Black "Tin, Jingyao"]
[Result "0-1"]
[WhiteElo "1985"]
[BlackElo "2160"]
[PlyCount "60"]
[EventDate "2013.10.20"]
[EventType "team-swiss"]
[EventRounds "9"]
[EventCountry "PHI"]
[SourceTitle "EXT 2014"]
[Source "ChessBase"]
[SourceDate "2013.11.20"]
[SourceVersion "1"]
[SourceVersionDate "2013.11.20"]
[SourceQuality "1"]
[WhiteTeam "Begawan"]
[BlackTeam "Singapore"]
[WhiteTeamCountry "BRN"]
[BlackTeamCountry "SIN"]

1. e4 e5 2. Nf3 Nc6 3. Nc3 Nf6 4. d4 exd4 5. Nxd4 Bb4 6. Nxc6 bxc6 7. Bd3 d5 8. exd5 cxd5 9. 0-0 0-0 10. Bg5 c6 11. Qf3 Re8 12. Rae1 Be6 13. a3 Be7 14. Ne2 h6 15. Bc1 Bd6 16. h3 Nd7 17. Bf4 Ne5 18. Bxe5 Bxe5 19. Nf4 Bxb2 20. Nxe6 Rxe6 21. Rxe6 fxe6 22. Qg4 Qf6 23. Re1 e5 24. f3 Bxa3 25. Qd7 Bc5+ 26. Kh1 Rd8 27. Qc7 Qd6 28. Qb7 Bb6 29. Qa6 Bc7 30. Kg1 e4 0-1

[Event "Asia Cities-ch 18th"]
[Site "Tagaytay City"]
[Date "2013.10.21"]
[Round "3.1"]
[White "Nadera, Barlo A"]
[Black "Hj, Azahari Siti Nur Fa"]
[Result "1-0"]
[WhiteElo "2362"]
[BlackElo "1985"]
[PlyCount "59"]
[EventDate "2013.10.20"]
[EventType "team-swiss"]
[EventRounds "9"]
[EventCountry "PHI"]
[SourceTitle "EXT 2014"]
[Source "ChessBase"]
[SourceDate "2013.11.20"]
[SourceVersion "1"]
[SourceVersionDate "2013.11.20"]
[SourceQuality "1"]
[WhiteTeam "Pasay City"]
[BlackTeam "Begawan"]
[WhiteTeamCountry "PHI"]
[BlackTeamCountry "BRN"]

1. d4 Nf6 2. c4 c5 3. d5 b5 4. cxb5 a6 5. bxa6 g6 6. Nc3 Bxa6 7. Nf3 d6 8. e4 Bxf1 9. Kxf1 Bg7 10. h3 Nbd7 11. Kg1 0-0 12. Kh2 Qa5 13. Re1 Rfb8 14. Re2 Ne8 15. Rc2 Nc7 16. Bd2 Nb6 17. b3 Qa6 18. Rac1 Nb5 19. Nxb5 Qxb5 20. Bg5 Rb7 21. Qd2 Ra3 22. Bh6 Qa5 23. b4 Qa6 24. bxc5 dxc5 25. Rxc5 Rb8 26. Bxg7 Kxg7 27. Rc7 Rxa2 28. Qd4+ Kg8 29. Rxe7 Ra4 30. Qf6 1-0

[Event "Asia Cities-ch 18th"]
[Site "Tagaytay City"]
[Date "2013.10.20"]
[Round "1.1"]
[White "Hj, Azahari Siti Nur Fa"]
[Black "Antonio, Rogelio Jr"]
[Result "0-1"]
[WhiteElo "1985"]
[BlackElo "2518"]
[PlyCount "54"]
[EventDate "2013.10.20"]
[EventType "team-swiss"]
[EventRounds "9"]
[EventCountry "PHI"]
[SourceTitle "EXT 2014"]
[Source "ChessBase"]
[SourceDate "2013.11.20"]
[SourceVersion "1"]
[SourceVersionDate "2013.11.20"]
[SourceQuality "1"]
[WhiteTeam "Begawan"]
[BlackTeam "Manila"]
[WhiteTeamCountry "BRN"]
[BlackTeamCountry "PHI"]

1. e4 c6 2. d4 d5 3. Nc3 dxe4 4. Nxe4 Bf5 5. Ng3 Bg6 6. Nf3 Nf6 7. Ne5 Nbd7 8. Nxg6 hxg6 9. Bd3 e6 10. Bd2 Qb6 11. Bc3 Nd5 12. Qd2 Nxc3 13. bxc3 Qc7 14. h3 Nf6 15. Ne4 Nd5 16. g3 e5 17. Rb1 0-0-0 18. Bc4 Be7 19. h4 f5 20. Ng5 Bxg5 21. Qxg5 Nxc3 22. Rb2 Rxd4 23. Be6+ Kb8 24. 0-0 Ne2+ 25. Kg2 Rg4 26. Qd2 Nf4+ 27. Kh2 Nxe6 0-1

[Event "Brunei Campomanes Memorial"]
[Site "Bandar Seri Begawan"]
[Date "2012.04.09"]
[Round "4"]
[White "Hj, Azahari Siti Nur Fa"]
[Black "Hj, Azahari Md Aliuddin"]
[Result "0-1"]
[WhiteElo "2059"]
[BlackElo "2097"]
[PlyCount "48"]
[EventDate "2012.04.08"]
[EventType "swiss"]
[EventRounds "9"]
[EventCountry "BRN"]
[SourceTitle "CBM 147 Extra"]
[Source "ChessBase"]
[SourceDate "2012.04.24"]
[SourceVersion "1"]
[SourceVersionDate "2012.04.24"]
[SourceQuality "1"]

1. e4 e5 2. Nf3 Nc6 3. Bb5 Nf6 4. 0-0 Nxe4 5. d4 Nd6 6. Bxc6 dxc6 7. dxe5 Nf5 8. Qxd8+ Kxd8 9. Rd1+ Ke8 10. Bg5 Be6 11. Nc3 h6 12. Bf4 Be7 13. Nd4 Nxd4 14. Rxd4 Rd8 15. Rad1 Rxd4 16. Rxd4 Bc5 17. Re4 Bf5 18. Re2 Ke7 19. Ne4 Bb6 20. c3 Rd8 21. h3 g5 22. Nxg5 Rd1+ 23. Kh2 hxg5 24. Bxg5+ Ke6 0-1

[Event "BRU-ch"]
[Site "Bandar Seri Begawan"]
[Date "2011.07.10"]
[Round "6"]
[White "Hj, Azahari Siti Nur Fa"]
[Black "Ahmad, Md Siraj Munir"]
[Result "0-1"]
[WhiteElo "2066"]
[BlackElo "2075"]
[PlyCount "68"]
[EventDate "2011.07.01"]
[EventType "swiss"]
[EventRounds "7"]
[EventCountry "BRN"]
[SourceTitle "EXT 2012"]
[Source "ChessBase"]
[SourceDate "2011.11.24"]
[SourceVersion "1"]
[SourceVersionDate "2011.11.24"]
[SourceQuality "1"]

1. e4 c5 2. Nf3 d6 3. Bb5+ Bd7 4. Bxd7+ Qxd7 5. 0-0 Nc6 6. c3 Nf6 7. Re1 e6 8. d4 cxd4 9. cxd4 d5 10. e5 Ne4 11. Nbd2 Nxd2 12. Bxd2 Be7 13. Rc1 0-0 14. a3 a5 15. Rc3 Rac8 16. Rd3 h6 17. g4 Rc7 18. g5 h5 19. Nh4 g6 20. Ng2 b5 21. Nf4 Kg7 22. h4 b4 23. Nxh5+ gxh5 24. Qxh5 Rh8 25. Qg4 Kg6 26. Rf3 Rh7 27. h5+ Kg7 28. h6+ Kh8 29. g6 fxg6 30. Qxg6 Rc8 31. Rf7 Rxf7 32. Qxf7 Rg8+ 33. Kf1 Nxd4 34. axb4 Qb5+ 0-1

[Event "BRU-ch"]
[Site "Bandar Seri Begawan"]
[Date "2011.07.10"]
[Round "7"]
[White "Hj, Azahari Siti Nur Fa"]
[Black "Pg, L Wijaya Pg Hj Mohd"]
[Result "1-0"]
[WhiteElo "2066"]
[BlackElo "2127"]
[PlyCount "43"]
[EventDate "2011.07.01"]
[EventType "swiss"]
[EventRounds "7"]
[EventCountry "BRN"]
[SourceTitle "EXT 2012"]
[Source "ChessBase"]
[SourceDate "2011.11.24"]
[SourceVersion "1"]
[SourceVersionDate "2011.11.24"]
[SourceQuality "1"]

1. e4 c5 2. Nf3 Nc6 3. d4 cxd4 4. Nxd4 Qb6 5. Nb3 e6 6. Be3 Qc7 7. Nc3 Bb4 8. Bd2 a6 9. Be2 Nf6 10. 0-0 0-0 11. f3 b6 12. a3 Bd6 13. f4 Bc5+ 14. Nxc5 bxc5 15. e5 Ne8 16. Ne4 Nd4 17. Bd3 c4 18. Be2 a5 19. Bc3 Nf5 20. Qd2 Bb7 21. Ng5 h6 22. Nf3 1-0

[Event "BRU-ch"]
[Site "Bandar Seri Begawan"]
[Date "2011.07.08"]
[Round "5"]
[White "Munir, Azizi Bin Ahmad"]
[Black "Hj, Azahari Siti Nur Fa"]
[Result "1/2-1/2"]
[WhiteElo "1885"]
[BlackElo "2066"]
[PlyCount "80"]
[EventDate "2011.07.01"]
[EventType "swiss"]
[EventRounds "7"]
[EventCountry "BRN"]
[SourceTitle "EXT 2012"]
[Source "ChessBase"]
[SourceDate "2011.11.24"]
[SourceVersion "1"]
[SourceVersionDate "2011.11.24"]
[SourceQuality "1"]

1. e4 e5 2. Nf3 Nc6 3. Bb5 a6 4. Ba4 Nf6 5. 0-0 Be7 6. Re1 b5 7. Bb3 0-0 8. a4 Bb7 9. d3 d6 10. c3 Na5 11. Bc2 c5 12. Nbd2 Nc6 13. Nf1 b4 14. Ne3 d5 15. exd5 Nxd5 16. Nxd5 Qxd5 17. Bb3 Qd6 18. Bg5 Rad8 19. Bxe7 Qxe7 20. Qe2 Rfe8 21. Nd2 Na5 22. Ba2 Rd6 23. Nc4 Nxc4 24. Bxc4 Rg6 25. f3 Qh4 26. Qf2 Qxf2+ 27. Kxf2 Kf8 28. Re3 bxc3 29. bxc3 Rb6 30. Rae1 Rb2+ 31. R3e2 Rxe2+ 32. Rxe2 a5 33. Bb5 Re7 34. Rb2 Bd5 35. Ba6 Bc6 36. Bb5 Rb7 37. c4 Ke7 38. Re2 Kd6 39. g3 f6 40. f4 h5 1/2-1/2